000 01058nam a2200205 a 4500
001 SSB032763
005 20140930153722.0
008
020 _a9789710172474
050 _aKPM 1610
_b.D4 2011
100 _aDe Belen, Rustico T.
245 0 _aEducation laws and jurisprudence : a developmental perspective /
_cRustico T. de Belen.
250 _a1st ed.
260 _aQuezon City :
_bC & E Pub.,
_cc2011.
300 _axiv, 510 pages :
_c22 cm.
504 _aIncludes bibliographical references and index.
505 _gChapter 1: Historico-legal and philosophical bases of Philippine education --
_tChapter 2: Structure and organization and Philippine education --
_tChapter 3: Laws and jurisprudence in Philippine education --
_tChapter 4: Legal aspects of teacher education in the Philippines --
_tChapter 5: Laws on schools regulation in the Philippines --
_tChapter 6: Legal concepts and principles in Philippine education.
650 _aEducational law and legislation
_zPhilippines.
942 _2lcc
_cBK
_kFIL
999 _c275968
_d275968